| 000 | 00557cam a2200169 4500 | ||
|---|---|---|---|
| 001 | WS110502 | ||
| 008 | 000000n 000 0 eng u | ||
| 035 | _a(Sirsi) u110502 | ||
| 245 | _aLe Moniteur Expert | ||
| 520 | _aConstruction portal set up by the leading provider of construction magazines and information in France. | ||
| 650 | _aFRANCE | ||
| 650 | _aEUROPE | ||
| 650 | _aINTERNATIONAL | ||
| 690 | _aBUILT ENVIRONMENT | ||
| 856 | 4 | 0 |
_uhttps://www.lemoniteur-expert.com _zView the website free of charge at www.lemoniteur-expert.com... |
| 942 | _n0 | ||
| 999 |
_c119763 _d119763 |
||